|
|
|
|
| LEADER |
00748pam a22002418a 4500 |
| 001 |
00020562 |
| 005 |
20171026081023.0 |
| 008 |
110518s2000 ||||||Viesd |
| 020 |
|
|
|c 60000
|
| 041 |
0 |
# |
|a Vie
|
| 082 |
1 |
4 |
|a 372.5
|b H419V
|
| 100 |
0 |
# |
|a Anh Vủ
|e Biên dịch
|
| 245 |
0 |
0 |
|a Học vẽ có phương pháp
|c Anh Vủ biên dịch, Lê Thanh
|
| 260 |
# |
# |
|c 2000
|a Tp. Hồ Chí Minh
|b Trẻ
|
| 300 |
# |
# |
|a 107 tr.
|b Ảnh màu
|c 26 cm.
|
| 650 |
# |
4 |
|a Sách thiếu nhi
|
| 650 |
# |
4 |
|a Vẽ
|
| 653 |
# |
# |
|a Phương pháp
|
| 700 |
0 |
# |
|a Lê Thanh
|
| 852 |
# |
# |
|b Kho đọc
|j KD.0005719
|
| 852 |
# |
# |
|j KD.0005719
|
| 910 |
0 |
# |
|a Đức
|d 18/05/2011
|
| 980 |
# |
# |
|a Trung tâm Học liệu Lê Vũ Hùng, Trường Đại học Đồng Tháp
|